000 00477nam a22001817a 4500
003 OSt
005 20260330153514.0
008 260330b |||||||| |||| 00| 0 eng d
020 _a9788199301825
082 _a355.033
_bBAKR
100 _aBakshi, Bipin & others
245 _aRedlines Redrawn: Operation Sindoor & India's New Normal
260 _aNew Delhi
_bKonark Pub. Pvt. Ltd
_c2026
300 _a320p
546 _aEnglish
650 _aSocial Science
942 _2ddc
_cBK
999 _c3970
_d3970